| 000 | 01204nam a22002897i 4500 | ||
|---|---|---|---|
| 003 | EG-ScBUE | ||
| 005 | 20230903103751.0 | ||
| 008 | 220731s1986 ua o f 000 0 ara d | ||
| 040 |
_aEG-ScBUE _bara _erda _cEG-ScBUE _dEG-ScBUE |
||
| 082 | 0 | 4 |
_222 _a307.12 _bم ر ك |
| 110 | 2 |
_aمركز الدراسات التخطيطية والمعمارية، _eمؤلف. |
|
| 245 | 1 | 2 |
_aالإرتقاء بالبيئة العمرانية للمدن / _cإعداد مركز الدراسات التخطيطية والمعمارية. |
| 246 | 3 | 5 | _aUp-grading of the urban environment of cities |
| 250 | _aالطبعة الأولى. | ||
| 264 | 1 |
_aالقاهرة : _bدار الشروق، _c1986. |
|
| 300 |
_aأ-ي، 110، 92 صفحة : _bصور ؛ _c30سم. |
||
| 336 |
_2rdacontent _aنص _btxt |
||
| 337 |
_2rdamedia _aبدون وسيط _bn |
||
| 338 |
_2rdacarrier _aمجلد _bnc |
||
| 490 | 0 |
_aأمانة مدينة جدة = _aJeddah municipality |
|
| 541 |
_cDonation ; _aProf. Ayman Othman. |
||
| 546 | _aالنص باللغتين العربية والإنجليزية. | ||
| 650 | 7 |
_aتخطيط المدن. _2BUEsh |
|
| 650 | 7 |
_aالمدن _xتجميل. _2BUEsh |
|
| 655 | _vReading book | ||
| 942 | _2ddc | ||
| 999 |
_c30505 _d30476 |
||